| 000 | 00488nam a2200169 i 4500 | ||
|---|---|---|---|
| 001 | 25964 | ||
| 003 | ES-MaACL | ||
| 005 | 20230906153348.0 | ||
| 007 | t| | ||
| 008 | 030107s1970 sp ||||1| cat d | ||
| 100 | 1 |
_aArtaud, Antonin. _923422 |
|
| 245 | 1 | 3 |
_aEl teatre i el seu doble / _cAntonin Artaud ; [traducció Ramón Barnils]. |
| 260 |
_aBarcelona : _bAnagrama, _c[1970] |
||
| 300 |
_a154 p. ; _c20 cm. |
||
| 700 | 1 |
_aBarnils, Ramon. _925738 |
|
| 852 |
_aES-MaACL _jC-48013 _bR.74329 |
||
| 999 |
_c25964 _d25964 |
||